McGraw-Hill electronic testing handbook : (Record no. 175656)
[ view plain ]
| 000 -LEADER | |
|---|---|
| fixed length control field | 01135 a2200205 4500 |
| 003 - CONTROL NUMBER IDENTIFIER | |
| control field | Nust |
| 005 - DATE AND TIME OF LATEST TRANSACTION | |
| control field | 20220803170653.0 |
| 010 ## - LIBRARY OF CONGRESS CONTROL NUMBER | |
| LC control number | 93019595 |
| 020 ## - INTERNATIONAL STANDARD BOOK NUMBER | |
| International Standard Book Number | 0070376026 (H) : |
| 040 ## - CATALOGING SOURCE | |
| Transcribing agency | Nust |
| 082 00 - DEWEY DECIMAL CLASSIFICATION NUMBER | |
| Classification number | 621.380287,LEN |
| 100 1# - MAIN ENTRY--PERSONAL NAME | |
| Personal name | Lenk, John D. |
| 9 (RLIN) | 57741 |
| 245 10 - TITLE STATEMENT | |
| Title | McGraw-Hill electronic testing handbook : |
| Remainder of title | procedures and techniques / |
| Statement of responsibility, etc. | John D. Lenk. |
| 260 ## - PUBLICATION, DISTRIBUTION, ETC. | |
| Place of publication, distribution, etc. | New York : |
| Name of publisher, distributor, etc. | McGraw-Hill, |
| Date of publication, distribution, etc. | c1994. |
| 300 ## - PHYSICAL DESCRIPTION | |
| Extent | xvii, 397 p. : |
| Other physical details | ill. ; |
| Dimensions | 24 cm. |
| 505 ## - FORMATTED CONTENTS NOTE | |
| Formatted contents note | Electronic Meters (Page-1), Oscilloscope (Page-75), Generators (Page-139), Electronic Counters And Frequency Standards (Page-181), Probes And Transducers (Page-191), Special Purpose Test Equipment (Page-203), Two-Junction (Page-219), Field Effect Transistors (Page-235), Unijunction And Programmable UJT Tests (Page-261), Solid State Diode Tests (Page-279), Thyristor And Control Rectifier Tests (Page-295), Audio And Op-Amp Tests (Page-317), Power Supply Tests (Page-339), Radio Frequency Tests (Page-351), Communications Equipment Tests (Page-369). |
| 650 #0 - SUBJECT ADDED ENTRY--TOPICAL TERM | |
| Topical term or geographic name entry element | Telecommunication Engineering. |
| 740 0# - ADDED ENTRY--UNCONTROLLED RELATED/ANALYTICAL TITLE | |
| Uncontrolled related/analytical title | Electronic testing handbook. |
| 942 ## - ADDED ENTRY ELEMENTS (KOHA) | |
| Koha item type | Reference |
| Source of classification or shelving scheme | |
| Withdrawn status | Lost status | Source of classification or shelving scheme | Damaged status | Not for loan | Permanent Location | Current Location | Shelving location | Date acquired | Full call number | Barcode | Date last seen | Price effective from | Koha item type | Public note |
|---|---|---|---|---|---|---|---|---|---|---|---|---|---|---|
| Military College of Signals (MCS) | Military College of Signals (MCS) | Reference | 12/12/2016 | 621.380287,LEN | MCS1979 | 12/08/2016 | 12/12/2016 | Reference | Almirah No.20, Shelf No.6 |
